000 00236nam a22000857a 4500
008 160914b xxu||||| |||| 00| 0 eng d
100 _9414
_aAggarwal.R.S ettal
245 _aMental Mathematics
260 _aNew Delhi
_bS. Chand Publications
_c2012
999 _c3071
_d3071